000 01717nam0a2200301 4500
001 RU\NLR\bibl\875301
005 20260409064017.0
010 _a5-476-00008-9
_92000
021 _aRU
_b2005-68525
_93378
035 _a(NLR Aleph) 000863904
090 _a1557066
_c1557066
100 _a20051121d2005 |||y0rusy50 ca
101 0 _arus
102 _aRU
105 _ay |||||||||
200 1 _aУголовно-процессуальный кодекс Российской Федерации
_e[официальный текст
_eпринят Государственной думой 22 ноября 2001 года
_eодобрен Советом Федерации 5 декабря 2001 года
_eс учетом изменений и дополнений по состоянию на 10 сентября 2005 года]
210 _aМосква
_cГроссМедиа
_cГроссМедиа Ферлаг
_d2005
215 _a494,[1] с.
_d21
604 _171001$aРоссийская Федерация
_1500##$3RU\NLR\AUTH\661293027$aУголовно-процессуальный кодекс$2nlr_sh2
_aРоссийская Федерация
_tУголовно-процессуальный кодекс
_92146253
_3RU\NLR\AUTH\661293027
606 1 _aУголовно-процессуальный кодекс
_yРоссийская Федерация
_92078726
_3RU\NLR\AUTH\661254590
686 1 _aХ629.3-324.9(2Р)
740 1 _aРоссийская Федерация
_tЗаконы
_iУголовно-процессуальный кодекс
_3RU\NLR\AUTH\880379492
_9425373
801 0 _aRU
_bNLR
_c20051121
_grcr
801 1 _aRU
_bNLR
_c20051121
942 _cBOOK
980 _aNB